Statistiques concernant Classement perpétuel de Bundesliga

Cliquez ici pour prendre le quiz!

Statistiques générales

  • Ce quiz a été pris 376 fois
  • Le résultat moyen est 21 sur 56

Statistiques - réponses

PlacePointssaisonsRéponse% Correct
1392458FC Bayern München
100%
2300856Borussia Dortmund
98%
12174240Hertha BSC
90%
293757RB Leipzig
87%
7253254FC Schalke 04
82%
3714841. FC Union Berlin
80%
4273355Hamburger SV
80%
10230144Bayer 04 Leverkusen
79%
15119226VfL Wolfsburg
77%
3288658Werder Bremen
77%
9241551FC Köln
75%
8243854Eintracht Frankfurt
74%
5273256VFB Stuttgart
73%
6271955Borussia Mönchengladbach
72%
2368217FSV Mainz 05
64%
2564615TSG 1899 Hoffenheim
57%
14131833FC Nürnberg
56%
16117430Hannover 96
52%
2843112FC Augsburg
48%
18102425Fortuna Düsseldorf
48%
13141636VfL Bochum
47%
2190323SC Freiburg
45%
11209444FC Kaiserslautern
39%
411174SV Darmstadt 98
38%
2288420TSV 1860 München
38%
391404Dynamo Dresden
37%
50392SpVgg Greuther Fürth
31%
2466119Arminia Bielefeld
30%
48512SC Paderborn 07
30%
2747912Hansa Rostock
28%
332548FC St. Pauli
26%
47722FC Ingolstadt 04
25%
1995324Karlsruher SC
25%
17114728MSV Duisburg
21%
322627Rot-Weiss Essen
19%
351574Alemannia Aachen
18%
302857SV Waldhof Mannheim
17%
2090321Eintracht Braunschweig
13%
3814451. FC Saarbrücken
10%
53301Preußen Münster
8%
51351SSV Ulm 1846
8%
342116Energie Cottbus
5%
45792SpVgg Unterhaching
5%
421023Wuppertaler SV
5%
312827Kickers Offenbach
4%
2654314KFC Uerdingen
3%
401394Rot-Weiß Oberhausen
3%
44903FC 08 Homburg
2%
52331SC Fortuna Köln
2%
56101SC Tasmania 1900 Berlin
2%
361504SG Wattenscheid 09
2%
46772Stuttgarter Kickers
2%
49492Tennis Borussia Berlin
2%
55201VfB Leipzig
2%
54211Blau-Weiß 90 Berlin
1%
43933Borussia Neunkirchen
1%

Distribution des résultats

Percentile par nombre de réponses

% des personnes avec chaque résultat

Votre développement - résultats

Vous n’avez pas pris ce quiz